Responses for Show #3385 - Friday, April 30, 1999

Michael Rooney game 3.

Contestants

[<< previous game]

Cindy Jacques, a school librarian from Franklin, North Carolina

Brien Wholey, a graduate student from Farmington, Connecticut

Michael Rooney, a college instructor from Pasadena, California (whose 2-day cash winnings total $20,600)

[next game >>]

Jeopardy! Round responses

COMMUNISM
REDS
THE RUSHIN' REVOLUTION
THE COLD WAR
LITTLE-READ BOOKS
MARXISMS
(Alex: Groucho Marxisms.)
    $100 1
(Brien: What is an exchange?)

party line

Brien
Triple Stumper
    $100 6
Red Skelton

Cindy
    $100 16
the Pony Express

Michael
    $100 17
vitamin C

Brien
    $100 7
Jules Verne

Michael
    $100 21
eyes

Michael
    $200 2
class struggles

Michael
    $200 9
Red Buttons

Cindy
    $200 25
Indianapolis 500

Brien
    $200 18
respiratory tract

Michael
    $200 8
Daniel Defoe

Michael
    $200 23
(Alex: Minute to go in the round.)

cheese

Michael
    $300 3
Khmer Rouge

Michael
    $300 10
Redd Foxx

Brien
    $300 26
the Concorde

Brien
    $300 19
(Brien: What is St. Joseph?)

Wrigley

Brien
Triple Stumper
    $300 13
Theodore Dreiser

Cindy
    $300 24
"The Tusks A Loosa"

Brien
    $400 4
Salvador Allende

Brien
    $400 11
Red Barber

Brien
    $500 27
[The end-of-round signal sounds.]

toboggan

Brien
    $400 20
stress

Cindy
    $400 14
The Pilgrim's Progress

Cindy
    $500 5
Politburo

Brien
    $500 12
Red Auerbach

Cindy
    $500 22
Alka-Seltzer

Cindy
    $500 15
Critique

Michael

Scores at the first commercial break (after clue 15):

Michael Brien Cindy
$1,300 $1,500 $1,500

Scores at the end of the Jeopardy! Round:

Michael Brien Cindy
$1,900 $2,600 $2,400

Double Jeopardy! Round responses

ISLANDS
MICHELLE PFEIFFER PFILMS
THEORIES
FAMOUS NAMES
CANADIAN HODGEPODGE
RHYMES WITH RAIN
    $200 3
Iceland

Michael
    $200 10
The Prince of Egypt

Cindy
    $200 16
supply-side

Brien
    $200 21
Harry S. Truman

Cindy
    $200 26
unicorns

Cindy
    $200 11
gain

Michael
    $400 4
Cuba

Cindy
    $400 1
Dangerous Liaisons (or Dangerous Minds)

Michael
    $400 17
evolution

Michael
    $400 22
Henry VIII

Michael
    $400 27
(Michael: What is a dogflower?)

Dogwood

MichaelCindy
    $400 12
vain

Cindy
    $600 5
Greece

Brien
    $600 2
(Cindy: What is Baker Boys?)

The Fabulous Baker Boys

BrienCindy
    $600 18
Albert Einstein

Brien
    $600 23
Merchant

Michael
    $600 28
Yukon Territory

Cindy
    $600 13
brain

Triple Stumper
    $800 6
New Guinea

Michael
    $2,000 8
Married to the Mob

Michael
    $800 19
steady-state

Michael
    $800 24
Clifford Irving

Triple Stumper
    $800 29
Campobello

Cindy
    $800 14
skein

Cindy
    $1000 7
(Brien: What is Iwo Jima?)

Guam

Brien
Triple Stumper
    $1000 9
Wolf

Michael
    $1000 20
(Michael: What is the ruling class?)

leisure class

MichaelBrien
    $1000 25
Georges Braque

Brien
    $1000 30
Alberta

Brien
    $1000 15
Thane

Michael

Scores at the end of the Double Jeopardy! Round:

Michael Brien Cindy
$8,300 $6,600 $5,800

[wagering suggestions for these scores]

Final Jeopardy! Round responses

BRAND NAMES
CindyWhat is Scotch tape?
$5,800
BrienWhat is Scotch Tape
$6,600
MichaelWhat is Scotchtape?
$4,901
Scotch Tape

Final scores:

Michael Brien Cindy
$13,201 $13,200 $11,600
3-day champion: $33,801 2nd place: TechMedia Desktop Computer 3rd place: Vivitar Sport Travel Kit

Game dynamics:

Coryat scores:

Michael Brien Cindy
$7,100 $6,500 $5,800
20 R
(including 1 DD),
2 W
16 R
(including 1 DD),
3 W
16 R
(including 1 DD),
1 W

Combined Coryat: $19,400

[game clues] [game scores] [suggest correction]

Game tape date: 1999-02-23
The J! Archive is created by fans, for fans. Scraping, republication, monetization, and malicious use prohibited; this site may use cookies and collect identifying information. See terms. The Jeopardy! game show and all elements thereof, including but not limited to copyright and trademark thereto, are the property of Jeopardy Productions, Inc. and are protected under law. This website is not affiliated with, sponsored by, or operated by Jeopardy Productions, Inc. Join the discussion at JBoard.tv.